000 00712nam a22002177a 4500
003 UA-OsUOA
001 119813
007 ta
008 20161118b un ||||| |||| 00| 0 ukr d
100 _aШірінян Л.В.
090 _a330(477)
_bШ65
942 _cSA
040 _aUA-OsUOA
_bukr
_cUA-OsUOA
_dUA-OsUOA
245 _aФункціонування накопичувальних фондів попереджувальних заходів у страхуванні на основі державно-приватного партнерства
300 _aС.44-56
955 _a0
041 _aukr
080 _a330(477)
773 0 _w119809
650 7 _a330 Економіка взагалі
_2UDC
999 _c406096
_d406096